Statistics for All country domains

Click here to take the quiz!

General Stats

  • This quiz has been taken 20 times
  • The average score is 56 of 246

Answer Stats

HintAnswer% Correct
.afAfghanistan
79%
.arArgentina
79%
.auAustralia
64%
.beBelgium
64%
.czCzech Republic
64%
.fiFinland
64%
.frFrance
64%
.huHungary
64%
.joJordan
64%
.kzKazakhstan
64%
.nzNew Zealand
64%
.ruRussia
64%
.ukUnited Kingdom
64%
.alalbania
57%
.atAustria
57%
.dkDenmark
57%
.itItaly
57%
.jpJapan
57%
.ltLithuania
57%
.omOman
57%
.uzUzbekistan
57%
.zmZambia
57%
.azAzerbaijan
50%
.brBrazil
50%
.bgBulgaria
50%
.caCanada
50%
.cyCyprus
50%
.djDjibouti
50%
.erEritrea
50%
.fjFiji
50%
.irIran
50%
.iqIraq
50%
.kgKyrgyzstan
50%
.lvLatvia
50%
.mxMexico
50%
.plPoland
50%
.ptPortugal
50%
.qaQatar
50%
.roRomania
50%
.rwRwanda
50%
.skSlovakia
50%
.usUnited States
50%
.uyUruguay
50%
.adAndorra
43%
.amArmenia
43%
.bwBotswana
43%
.coColombia
43%
.cuCuba
43%
.doDominican Republic
43%
.eeEstonia
43%
.deGermany
43%
.hnHonduras
43%
.hkHong Kong
43%
.ieIreland
43%
.jmJamaica
43%
.luLuxembourg
43%
.noNorway
43%
.pePeru
43%
.esSpain
43%
.chSwitzerland
43%
.aeUnited Arab Emirates
43%
.vaVatican City
43%
.yeYemen
43%
.boBolivia
36%
.bfBurkina Faso
36%
.hrCroatia
36%
.dmDominica
36%
.euEuropean Union
36%
.ghGhana
36%
.grGreece
36%
.htHaiti
36%
.isIceland
36%
.mdMoldova
36%
.ngNigeria
36%
.pkPakistan
36%
.paPanama
36%
.pyParaguay
36%
.phPhilippines
36%
.tjTajikistan
36%
.tvTuvalu
36%
.ugUganda
36%
.vuVanuatu
36%
.bbBarbados
29%
.etEthiopia
29%
.gaGabon
29%
.geGeorgia
29%
.gyGuyana
29%
.ilIsrael
29%
.keKenya
29%
.kwKuwait
29%
.mzMozambique
29%
.naNamibia
29%
.pgPapua New Guinea
29%
.zaSouth Africa
29%
.krSouth Korea
29%
.thThailand
29%
.trTurkey
29%
.veVenezuela
29%
.vnVietnam
29%
.dzAlgeria
21%
.btBhutan
21%
.cmCameroon
21%
.cvCape Verde
21%
.clChile
21%
.ecEcuador
21%
.fkFalkland Islands
21%
.giGibraltar
21%
.inIndia
21%
.idIndonesia
21%
.kiKiribati
21%
.laLaos
21%
.lbLebanon
21%
.liLiechtenstein
21%
.mcMonaco
21%
.nlNetherlands
21%
.siSlovenia
21%
.tzTanzania
21%
.uaUkraine
21%
.aoAngola
14%
.aqAntarctica
14%
.agAntigua and Barbuda
14%
.bdBangladesh
14%
.bzBelize
14%
.baBosnia and Herzegovina
14%
.cnChina
14%
.crCosta Rica
14%
.cdDemocratic Republic of the Congo
14%
.egEgypt
14%
.gfFrench Guiana
14%
.lyLibya
14%
.mwMalawi
14%
.myMalaysia
14%
.meMontenegro
14%
.maMorocco
14%
.nrNauru
14%
.kpNorth Korea
14%
.prPuerto Rico
14%
.cgRepublic of the Congo
14%
.smSan Marino
14%
.saSaudi Arabia
14%
.snSenegal
14%
.rsSerbia
14%
.soSomalia
14%
.seSweden
14%
.ttTrinidad and Tobago
14%
.tnTunisia
14%
.tmTurkmenistan
14%
.axÅland
7%
.asAmerican Samoa
7%
.aiAnguilla
7%
.awAruba
7%
.acAscension Island
7%
.bhBahrain
7%
.byBelarus
7%
.bmBermuda
7%
.bnBrunei
7%
.biBurundi
7%
.cfCentral African Republic
7%
.ckCook Islands
7%
.gqEquatorial Guinea
7%
.szeSwatini
7%
.foFaroe Islands
7%
.fmFederated States of Micronesia
7%
.pfFrench Polynesia
7%
.gmGambia
7%
.glGreenland
7%
.gtGuatemala
7%
.gnGuinea
7%
.gwGuinea-Bissau
7%
.imIsle of Man
7%
.lsLesotho
7%
.lrLiberia
7%
.mgMadagascar
7%
.mvMaldives
7%
.mlMali
7%
.mtMalta
7%
.mqMartinique
7%
.mrMauritania
7%
.mnMongolia
7%
.mmMyanmar
7%
.ncNew Caledonia
7%
.niNicaragua
7%
.neNiger
7%
.mkNorth Macedonia
7%
.reReunion
7%
.sgSingapore
7%
.sdSudan
7%
.sySyria
7%
.twTaiwan
7%
.tgTogo
7%
.toTonga
7%
.wfWallis and Futuna
7%
.viAmerican Virgin Islands
0%
.bsBahamas
0%
.bjBenin
0%
.ioBritish Indian Ocean Territory
0%
.vgBritish Virgin Islands
0%
.khCambodia
0%
.bqCarribean Netherlands
0%
.kyCayman Islands
0%
.tdChad
0%
.cxChristmas Island
0%
.ccCocos and Keeling Islands
0%
.kmComoros
0%
.cwCuraçao
0%
.tlEast Timor
0%
.svEl Salvador
0%
.tfFrench Southern and Antarctic Islands
0%
.gdGrenada
0%
.gpGuadeloupe
0%
.guGuam
0%
.ggGuernsey
0%
.hmHeard and McDonalds Islands
0%
.ciIvory Coast
0%
.jeJersey
0%
.moMacau
0%
.mhMarshall Islands
0%
.muMauritius
0%
.ytMayotte
0%
.msMontserrat
0%
.npNepal
0%
.nuNiue
0%
.nfNorfolk Island
0%
.mpNorthern Mariana Islands
0%
.pwPalau
0%
.psPalestine
0%
.pnPitcairn Islands
0%
.shSaint Helena, Ascension and Tristan da Cunha
0%
.knSaint Kitts and Nevis
0%
.lcSaint Lucia
0%
.pmSaint-Pierre and Miquelon
0%
.vcSaint Vincent and the Grenadines
0%
.wsSamoa
0%
.stSão Tomé and Príncipe
0%
.scSeychelles
0%
.slSierra Leone
0%
.sxSint Maarten
0%
.sbSolomon Islands
0%
.gsSouth Georgia and the South Sandwich Islands
0%
.ssSouth Sudan
0%
.suSoviet Union
0%
.lkSri Lanka
0%
.srSuriname
0%
.tkTokelau
0%
.tcTurks and Caicos Islands
0%
.ehWestern Sahara
0%

Score Distribution

Percentile by Number Answered

Percent of People with Each Score

Your Score History

You have not taken this quiz